000 00528nam a2200193Ia 4500
005 20250508150701.0
008 008 250505s9999 xx 000 0 eng d
037 _aTextual
040 _aFEDL
_beng
_cFEDL
041 _aeng
_2eng
084 _a155.45, LOE
_qFEDL
100 _aLoewy Herta
_993714
245 0 _aRetarded child : A guide for parents
260 _aLondon, UK
_bStaples Press
_c1949
300 _a52p.
650 _aChild Psychology
942 _cTEXL
_h155.45, LOE
999 _c1325039
_d1325039